000 01131nam a2200229Ia 4500
003 Ost
005 20260416102358.0
008 260416s9999||||xx |||||||||||||| ||und||
040 _cfsecg
041 _aara
082 _a658.8
100 _aحداد،سفيان
_eمؤلف
245 0 _aمحاضرات في تسويق الخدمات :
_bمطبوعة مقدمة لفائدة طلبة السنة الثالثة ليسانس /
_cسفيان حداد
260 _aالجزائر
_bجامعة الجزائر3: كلية العلوم الإقتصادية، العلوم التجارية وعلوم التسيير
_c2021
300 _a103 ورقة
_bايضاحات
_c30 سم
504 _aمراجع ص.97
520 _aأساسيات حول الخدمات ، المزيج التسويقي للخدمات ، جودة الخدمات، ادارة العلاقة مع الزبائن
653 _aالتسويق
653 _aتسويق الخدمات
710 _aجامعة الجزائر3: كلية العلوم الإقتصادية، العلوم التجارية وعلوم التسيير
_eناشر علمي
942 _cHANDOUT
999 _c41305
_d41305